| 000 | 00833nam a2200289Ia 4500 | ||
|---|---|---|---|
| 001 | Para_7622 | ||
| 003 | CHAP | ||
| 008 | 220125s1956 xx 000 0 und d | ||
| 010 | _a206516 | ||
| 040 | _cCHAP | ||
| 082 | _aPA 632.7 M49 | ||
| 110 |
_aMéxico. Secretaría de Agricultura y Ganadería _977111 |
||
| 245 |
_aCurso de capacitación para inspectores de plagas / _c por SAG. |
||
| 260 |
_aMéxico : _b La secretaría |
||
| 300 | _a76 h. | ||
| 650 |
_aAgricultura _x plagas _91764 |
||
| 650 |
_aAlgodón _x plagas _94046 |
||
| 650 |
_aEducación agrícola _935491 |
||
| 650 |
_aMéxico _x educación agrícola _9137281 |
||
| 901 | _aPA 632.7 M49 | ||
| 902 | _aA | ||
| 905 | _a0000001956 0000000000 00 | ||
| 910 | _a1956 | ||
| 942 | _cPARA | ||
| 942 |
_cPARA _d1 |
||
| 999 |
_c206516 _d206516 |
||